| 000 -LEADER |
| fixed length control field |
00291nam a2200121Ia 4500 |
| 008 - FIXED-LENGTH DATA ELEMENTS--GENERAL INFORMATION |
| fixed length control field |
201210s9999 xx 000 0 und d |
| 100 ## - MAIN ENTRY--PERSONAL NAME |
| Personal name |
Piskunov, N. |
| 245 #0 - TITLE STATEMENT |
| Title |
Diffrential and Integral Calculus |
| 260 ## - PUBLICATION, DISTRIBUTION, ETC. |
| Place of publication, distribution, etc. |
Moscow |
| Name of publisher, distributor, etc. |
Mir Publishers |
| Date of publication, distribution, etc. |
1981 |
| 300 ## - PHYSICAL DESCRIPTION |
| Extent |
471 |
| 490 ## - SERIES STATEMENT |
| Volume/sequential designation |
Vol-I |
| 942 ## - ADDED ENTRY ELEMENTS (KOHA) |
| Koha item type |
Books |